Happily ever after. (Record no. 14736)

000 -LEADER
fixed length control field 00545nam a2200193 a 4500
001 - CONTROL NUMBER
control field :::00012570$&:&@@
003 - CONTROL NUMBER IDENTIFIER
control field OkBaRHE
005 - DATE AND TIME OF LATEST TRANSACTION
control field 20000607103420.0
008 - FIXED-LENGTH DATA ELEMENTS--GENERAL INFORMATION
fixed length control field s1977 j 000 0 eng u
020 ## - INTERNATIONAL STANDARD BOOK NUMBER
International Standard Book Number 0876804911
040 ## - CATALOGING SOURCE
Transcribing agency
100 1# - MAIN ENTRY--PERSONAL NAME
Personal name Wilt, Joy.
245 10 - TITLE STATEMENT
Title Happily ever after.
260 ## - PUBLICATION, DISTRIBUTION, ETC. (IMPRINT)
Place of publication, distribution, etc Waco, TX., :
Name of publisher, distributor, etc Word Books
Date of publication, distribution, etc c1977
300 ## - PHYSICAL DESCRIPTION
Extent 201 p. : illus. ;
Dimensions 23 cm.
650 ## - SUBJECT ADDED ENTRY--TOPICAL TERM
Topical term or geographic name as entry element Child Rearing
942 ## - ADDED ENTRY ELEMENTS (KOHA)
Source of classification or shelving scheme
Koha item type Books
Copies
Withdrawn status Koha item type Date last seen Shelving location Price effective from Full call number Source of classification or shelving scheme Barcode Not for loan Date acquired Permanent Location Damaged status Lost status Copy number
 Books2010-04-14General Stacks2010-04-14HQ 769 .W785 12570 2010-04-14RHEMA Bible Training College  1